Responses for Show #6645 - Friday, July 5, 2013

Ben Ingram game 5.

Contestants

[<< previous game]

Alice Kelly, an orthopedic nurse from Towson, Maryland

Carlos Hernandez Fisher, a graphic designer and computer salesperson from Vancouver, British Columbia, Canada

Ben Ingram, an IT consultant originally from Florence, South Carolina (whose 4-day cash winnings total $84,831)

[next game >>]

Jeopardy! Round responses

BRAZILIAN GEOGRAPHY
JAPANESE COOKING
SO VERY "BRITISH"
UNUSUAL AMERICAN SPORTS
LA LITERATURE FRANÇAISE
IT'S A BIG WORLD
    $200 17
Rio de Janeiro

Ben
    $200 23
buckwheat

Carlos
    $200 11
the British Open

Alice
    $200 7
surfing

Ben
    $200 26
(Alex: With less than a minute to go.)

Madame Bovary

Alice
    $200 14
a cactus

Alice
    $400 18
the rainforest

Carlos
    $400 2
rice

Alice
    $400 3
British Airways

Ben
    $400 8
hubcaps

Carlos
    $400 27
The Miser

Carlos
    $400 16
the nose

Ben
    $1,800 6
Brasilia

Ben
    $600 19
teriyaki

Alice
    $600 12
the British Empire

Carlos
    $600 1
lawnmower racing

Carlos
    $600 28
(Alex: [*]. The Stranger. Yes.)

L'Ètranger

Carlos
    $600 20
Tyrannosaurus rex

Ben
    $800 21
Iguazu Falls

Triple Stumper
    $800 9
ginger

Carlos
    $800 15
British Petroleum

Ben
    $800 4
volleyball

Ben
    $800 29
(Alex: [*] or [**], yes.)
[The end-of-round signal sounds.]

In Search of Lost Time (Remembrance of Things Past)

Ben
    $800 25
the Pentagon

Ben
    $1000 22
(Ben: What is Amazonia?)

Amazonas

BenCarlos
    $1000 13
bread crumbs

Carlos
    $1000 10
British Honduras

Ben
    $1000 5
(Carlos: What is Vail?)

Aspen

BenCarlos
    $1000 24
(Alice: What is China?)

Russia

BenAlice

Scores at the first commercial break (after clue 16):

Ben Carlos Alice
$6,400 $2,400 $800

Scores at the end of the Jeopardy! Round:

Ben Carlos Alice
$8,800 $5,000 $600

Double Jeopardy! Round responses

FROM BOOK TO FILM
CAPTAINS COURAGEOUS
7-LETTER WORDS
THE GREAT LIBRARIES OF EUROPE
SCIENCE 101
BROADWAY MUSICALS BY SONGS
    $400 19
Carrie Fisher

Carlos
    $400 12
the Titanic

Carlos
    $400 23
a pageant

Ben
    $400 25
Wales

Alice
    $400 24
an ice age

Ben
    $400 14
Guys and Dolls

Carlos
    $800 2
Babe

Carlos
    $800 22
Bligh

Ben
    $800 27
caravan

Ben
    $800 30
Esperanto

Ben
    $800 28
electrons

Carlos
    $800 8
Annie

Ben
    $1200 1
(Alice: Who is Tennessee Williams?)

William Faulkner

Alice
Triple Stumper
    $1200 4
the Constitution

Ben
    $1200 26
mongrel

Triple Stumper
    $1200 29
Trinity

Alice
    $1200 10
(Ben: What is mitosis?)
(Alex: Two forms.)
(Ben: And meiosis?)

mitosis & meiosis

Ben
    $1200 6
Rock of Ages

Triple Stumper
    $1600 18
The Cider House Rules

Alice
    $1600 5
Magellan

Carlos
    $1600 7
layette

Alice
    $1600 21
(Alice: Who is Copernicus?)

Tycho Brahe

BenAlice
    $2,000 11
(Ben: What is infrared?)

ultraviolet

Ben
    $1600 3
Oklahoma!

Ben
    $2000 13
electric sheep

Alice
    $3,000 9
the Beagle

Ben
    $2000 17
bucolic

Triple Stumper
    $2000 20
La Bibliothèque nationale

Carlos
    $2000 16
smoke (air accepted)

Carlos
    $2000 15
The Phantom of the Opera

Carlos

Scores at the end of the Double Jeopardy! Round:

Ben Carlos Alice
$19,400 $15,400 $4,600

[wagering suggestions for these scores]

Final Jeopardy! Round responses

U.S. PRESIDENTS
AliceWho were FDR and Washington?
$1,000
CarlosWHO ARE F Roosevelt + Lyndon Johnson Cleveland
$4,001
BenWho are FDR + Cleveland?
$11,401
Grover Cleveland & Franklin Roosevelt

Final scores:

Ben Carlos Alice
$30,801 $19,401 $3,600
5-day champion: $115,632 2nd place: $2,000 3rd place: $1,000

Game dynamics:

Coryat scores:

Ben Carlos Alice
$19,200 $15,400 $4,600
24 R
(including 2 DDs),
2 W
(including 1 DD)
19 R,
1 W
10 R,
3 W

Combined Coryat: $39,200

[game clues] [game scores] [suggest correction]

Game tape date: 2013-03-27
The J! Archive is created by fans, for fans. Scraping, republication, monetization, and malicious use prohibited; this site may use cookies and collect identifying information. See terms. The Jeopardy! game show and all elements thereof, including but not limited to copyright and trademark thereto, are the property of Jeopardy Productions, Inc. and are protected under law. This website is not affiliated with, sponsored by, or operated by Jeopardy Productions, Inc. Join the discussion at JBoard.tv.